Macroeconomic determinants in INDIA and their impact ton the INDIAN steel industry (Record no. 533301)

000 -LEADER
fixed length control field 00604nam a22001337a 4500
008 - FIXED-LENGTH DATA ELEMENTS--GENERAL INFORMATION
fixed length control field 260508b ||||| |||| 00| 0 eng d
100 ## - MAIN ENTRY--PERSONAL NAME
Personal name Thomas, Freddy and Rassendren, Gerard
245 ## - TITLE STATEMENT
Title Macroeconomic determinants in INDIA and their impact ton the INDIAN steel industry
260 ## - PUBLICATION, DISTRIBUTION, ETC. (IMPRINT)
Place of publication, distribution, etc Social Science in Perspective
300 ## - PHYSICAL DESCRIPTION
Extent 18(1), Jan-Mar, 2026: p.62-85
520 ## - SUMMARY, ETC.
Summary, etc This study explores the connection between key macrocosmic indicators and finished steel production in INDIA over the period 1990 to 2023. –Reproduced
773 ## - HOST ITEM ENTRY
Main entry heading Social Science in Perspective
942 ## - ADDED ENTRY ELEMENTS (KOHA)
Item type Articles
Holdings
Withdrawn status Lost status Source of classification or shelving scheme Damaged status Not for loan Permanent location Current location Date acquired Serial Enumeration / chronology Barcode Date last seen Koha item type
          Indian Institute of Public Administration Indian Institute of Public Administration 2026-05-08 18(1), Jan-Mar, 2026: p.62-85 AR138813 2026-05-08 Articles

Powered by Koha